townie - mitski lyrics - Statistics

General Stats
  • This quiz has been taken 111 times
  • The average score is 205 of 250
Answer Stats
Answer % Correct
a
100%
the
100%
and
98%
be
98%
go
98%
i
98%
no
97%
he
95%
going
93%
want
93%
when
93%
as
92%
body
92%
fast
92%
love
92%
me
92%
we're
92%
all
90%
balcony
90%
from
90%
my
90%
party
90%
that
90%
there's
90%
to
90%
falls
88%
not
86%
gonna
85%
on
85%
so
85%
will
85%
back
83%
boys
83%
daddy
83%
drinking
83%
heart
83%
is
83%
wants
83%
what
83%
for
81%
kiss
81%
driving
80%
i'm
80%
like
80%
tried
80%
more
78%
one's
78%
baseball
76%
bat
76%
but
75%
don't
75%
know
73%
waiting
73%
am
69%
enough
69%
ground
69%
somebody's
69%
with
69%
holding
68%
hungry
68%
breath
66%
full
66%
up
66%
we've
66%
coming
63%
hitting
63%
nothing
63%
i've
61%
'cause
59%
seems
59%
are
56%
change
56%
sharing
54%
though
54%
tonight
54%
growing
53%
in
53%
caring
51%
come
51%
prepared
51%
keep
49%
came
47%
finale
44%
hair
44%
out
44%
smoke
44%
think
44%
had
42%
grass
41%
wet
39%
putting
36%
smell
36%
it's
34%
No matching quizzes found
Score Distribution
Percent of People with Each Score
Percentile by Number Answered
Your Score History
You have not taken this quiz